000 00574nam a2200217Ia 4500
005 20250923145930.0
008 008 250917s9999 xx 000 0 eng d
037 _aTextual
040 _aDSWL
_beng
_cDSWL
041 _aeng
_2eng
084 _aY:1:7x2, N96.1
_qDSWL
100 _aShah, A.M.
_9840435
245 0 _aSocial structure and change
_c by A.M. Shah
260 _aNew Delhi
_bSage
_c1996
300 _a234p.
365 _aINR
_b275.00
490 _vVol. 1
925 _g275.00
942 _cTEXL
_hY:1:7x2, N96.1
999 _c1457505
_d1457505